Information literacy assessment : standards-based tools and assignments /

Bibliographic Details
Main Author: Neely, Teresa Y.
Format: Book
Language:English
Published: Chicago : American Library Association, 2006.
Subjects:
Online Access:Table of contents

MARC

Tag First Indicator Second Indicator Subfields
LEADER 00000cam a2200000 a 4500
001 in00002181908
005 20151104060451.0
008 051219s2006 ilua b 001 0 eng
010 |a  2005037186 
020 |a 0838909140 (alk. paper) 
024 3 |a 9780838909140 
035 |a (OCoLC)ocm62738604 
040 |a DLC  |c DLC  |d NSB  |d C#P  |d BAKER  |d UtOrBLW 
049 |a TXAM 
050 0 0 |a ZA3075  |b .N435 2006 
082 0 0 |a 028.7  |2 22 
100 1 |a Neely, Teresa Y. 
245 1 0 |a Information literacy assessment :  |b standards-based tools and assignments /  |c Teresa Y. Neely ; foreword by Hannelore Rader. 
264 1 |a Chicago :  |b American Library Association,  |c 2006. 
300 |a vii, 216 pages :  |b illustrations ;  |c 23 cm. 
336 |a text  |b txt  |2 rdacontent 
337 |a unmediated  |b n  |2 rdamedia 
338 |a volume  |b nc  |2 rdacarrier 
504 |a Includes bibliographical references (pages 195-203) and index. 
505 0 |a The importance of standards and assessment / Teresa Y. Neely -- Integrating the ACRL standards / Teresa Y. Neely and Katy Sullivan -- Developing a topic and identifying information sources of information / Katy Sullivan -- Accessing information effectively and efficiently / Teresa Y. Neely -- Evaluating information / Teresa Y. Neely with Simmona Simmons-Hodo -- Using information effectively / Teresa Y. Neely and Katy Sullivan -- Information, social context, and ethical and legal issues / Olga François -- Beyond the standards : what now? / Teresa Y. Neely -- Developing information literacy assessment instruments / Teresa Y. Neely with Jessame Ferguson -- Automating assessment instruments / Jay J. Patel and Teresa Y. Neely with Jessame Ferguson. 
650 0 |a Information literacy  |x Standards. 
650 0 |a Information literacy  |x Study and teaching (Higher) 
650 0 |a Information literacy  |x Ability testing. 
650 0 |a Library orientation for college students  |x Evaluation. 
856 4 1 |3 Table of contents  |u http://www.loc.gov/catdir/toc/ecip065/2005037186.html  |t 0 
938 |a Baker & Taylor  |b BKTY  |c 40.00  |d 40.00  |i 0838909140  |n 0006683573  |s active 
945 |i PromptCat 
947 |a A14834148714 
994 |a 92  |b TXA 
948 |a cataloged  |b h  |c 2006/7/20  |d c  |e rbarron  |f 3:37:48 pm 
999 |a MARS 
999 f f |s 86dd8143-0d4d-39b8-a793-e0a80a54a5bf  |i 066b1105-e7fb-3ad8-8f4c-0d0710af362a  |t 0 
952 f f |p ric  |a Texas A&M University  |b Rellis Campus  |c Joint Library Facility  |d Remote Storage  |t 0  |e ZA3075 .N435 2006  |h Library of Congress classification  |i unmediated -- volume  |m A14834148714 
998 f f |a ZA3075 .N435 2006  |t 0  |l Remote Storage